000
00263nam a22001217a 4500
003
SGT
082
_a
618.1
_b
H10H
100
_a
HEAZELL, ALEXANDER
245
_a
HYPERTENSION IN PREGNANCY
260
_a
INDIA
_b
CAMBRIDGE
_c
2010
300
_a
190
942
_2
ddc
_c
BK
999
_c
14981
_d
14981